| 000 | 00365nam a22001577a 4500 | ||
|---|---|---|---|
| 005 | 20260508114356.0 | ||
| 008 | 160426b xxu||||| |||| 00| 0 eng d | ||
| 020 | _aN/A | ||
| 041 | _aeng | ||
| 082 | _a658.4034 | ||
| 100 |
_aGupta, R.K. _957 |
||
| 245 | _aOperations Research | ||
| 260 |
_aMeerut _bKrishna Prakash Media (P) Ltd. _c2003 |
||
| 300 | _a626 | ||
| 942 | _cBK | ||
| 999 |
_c17 _d17 |
||